000 00573nam a2200193Ia 4500
005 20250326144012.0
008 250326s9999 xx 000 0 und d
037 _aTextbook
040 _aFMSL
_beng
_cFMSL
041 _aeng
_2eng
084 _aSNIobX:8g P6
_qFMSL
100 _aClegg S R
_9740577
245 0 _aSage handbook of organization studies
_cClegg S R And Others
260 _aNew Delhi
_bNew Delhi, Sage
_c2006
365 _b611375.076
650 _aOrganization Behaviour
_9748785
942 _cTB
_hSNIobX:8g P6
999 _c1301966
_d1301966